Khả sát khả năng ức chế enzyme α-amylase của cao chiết rễ cây nhàu (Morinda citrifolia L.) : Báo cáo tổng kết đề nghiên cứu Khoa học của sinh viên

Đề tài nghiên cứu nhằm đánh giá một cách khoa học tác dụng hạ đường huyết của rễ và lá nhàu, đồng thời góp phần tìm ra liệu pháp mới để chữa trị bệnh tiểu đường với hiệu quả cao, ít tác dụng phụ....

全面介紹

Đã lưu trong:
書目詳細資料
主要作者: Lê, Bá Tước
格式: 圖書
語言:Undetermined
出版: Cần Thơ Trường Đại học Cần Thơ 2013
主題:
標簽: 添加標簽
沒有標簽, 成為第一個標記此記錄!
Thư viện lưu trữ: Trung tâm Học liệu Trường Đại học Cần Thơ
LEADER 01264nam a2200229Ia 4500
001 CTU_205718
008 210402s9999 xx 000 0 und d
082 |a 615.321 
082 |b T557 
088 |a TSV2012-29 
100 |a Lê, Bá Tước 
245 0 |a Khả sát khả năng ức chế enzyme α-amylase của cao chiết rễ cây nhàu (Morinda citrifolia L.) : 
245 0 |b Báo cáo tổng kết đề nghiên cứu Khoa học của sinh viên 
245 0 |c Lê Bá Tước (Chủ nhiệm đề tài) ; Đái Thị Xuân Trang (Cán bộ hướng dẫn) ; Mã Thanh Tòng (Tham gia thực hiện) 
260 |a Cần Thơ 
260 |b Trường Đại học Cần Thơ 
260 |c 2013 
520 |a Đề tài nghiên cứu nhằm đánh giá một cách khoa học tác dụng hạ đường huyết của rễ và lá nhàu, đồng thời góp phần tìm ra liệu pháp mới để chữa trị bệnh tiểu đường với hiệu quả cao, ít tác dụng phụ. 
650 |a Medicinal plants,Cây dược liệu 
904 |i Hải 
915 |a TN 
980 |a Trung tâm Học liệu Trường Đại học Cần Thơ